| 000 | 00368nam a2200169Ia 4500 | ||
|---|---|---|---|
| 008 | 221030s9999 xx 000 0 und d | ||
| 020 | _a0074635352 | ||
| 041 | _aEnglish | ||
| 082 |
_a105.23 _bBer |
||
| 100 | _aG. C. Beri | ||
| 245 | 0 | _aMarketing Research | |
| 250 | _a3rd | ||
| 260 |
_bTMH _aNew Delhi _c2005 |
||
| 300 | _a474 | ||
| 650 | _aManagement | ||
| 942 | _cBK | ||
| 999 |
_c566 _d566 |
||